000 00313nam a22001217a 4500
008 260601b |||||||| |||| 00| 0 eng d
082 _a001928
100 _aPoorna Prajna Samshodhan Trust
245 _aPrajna Vol No X
260 _aBangalore
_bPoorna Prajna Samshodhan Trust
_c2016
300 _a126p
942 _2ddc
999 _c1502
_d1502